Представление документа в формате MARC21

ПолеНазваниеЗначение
  Тип записи a
  Библиографический уровень m
001 Контрольный номер b2f0e6912e9c447cb276a21d06479725
005 Дата корректировки 20260408122625.5
020 Индекс ISBN __
a ISBN 978-5-00229-221-9
c Цена, тираж 39-54
040 Источник каталогиз. __
a Служба первич. каталог. СЕГ
b Код языка каталог. rus
e Правила каталог. PSBO
041 Код языка издания 0_
a Код языка текста rus
084 Индекс другой классификации/Индекс ББК __
a Индекс другой классификации/Индекс ББК Х621.163.1я73
084 Индекс другой классификации/Индекс ББК __
a Индекс другой классификации/Индекс ББК 75я73
090 Шифры __
a Полочн. индекс Х621.163
c Каталожный индекс Х621.163.1я73+75я73
x Авторский знак С 56
100 Автор 1_
a Автор Пугачев А. В.
245 Заглавие 10
a Заглавие Совершенствование методики фиксации времени выполнения контрольных упражнений сотрудниками органов внутренних дел Российской Федерации с применением систем автоматического хронометража
h Физич. носитель Текст
b Продолж. заглавия учебно-методич. пособие
c Ответственность Воронежский институт МВД России
260 Выходные данные __
a Место издания Воронеж
b Издательство ВИ МВД России
c Дата издания 2025
300 Физическое описание __
a Объем 65 с.
336 Вид содержания __
a Термин вида содержания Текст
337 Средство доступа __
a Термин типа средства непосредственный
504 Библиография __
a Библиография  Библиогр.: с. 65
650 Тематические рубрики 14
a Основная рубрика РОССИЙСКОЕ АДМИНИСТРАТИВНОЕ ПРАВО
x Основная подрубрика ФИЗИЧЕСКАЯ ПОДГОТОВКА В ОВД
650 Тематические рубрики 14
a Основная рубрика СОЦИАЛЬНЫЕ (ОБЩЕСТВЕННЫЕ) И ГУМАНИТАРНЫЕ НАУКИ
x Основная подрубрика ФИЗИЧЕСКАЯ КУЛЬТУРА И СПОРТ
653 Ключевые слова 1_
a Ключевые слова ФИЗИЧЕСКАЯ ПОДГОТОВКА; СОТРУДНИКИ ОРГАНОВ ВНУТРЕННИХ ДЕЛ; АВТОМАТИЧЕСКАЯ ФИКСАЦИЯ; ХРОНОМЕТРАЖ; ВЫПОЛНЕНИЕ КОНТРОЛЬНОГО УПРАЖНЕНИЯ; ПРОВЕДЕНИЕ СОРЕВНОВАНИЙ ПО ПРЕОДОЛЕНИЮ ПОЛОСЫ ПРЕПЯТСТВИЙ СО СТРЕЛЬБОЙ
700 Другие авторы 1_
a Другие авторы Романов М. С.
700 Другие авторы 12
a Другие авторы Марченко К. С.
700 Другие авторы 12
a Другие авторы Даньшин А. С.
700 Другие авторы 12
a Другие авторы Милютин Р. В.
700 Другие авторы 12
a Другие авторы Цуров Т. Б.
901 Тип документа __
t Тип документа m
905 Дата создания записи __
a Дата создания записи 20260408
952 Тип литературы __
c Вид литературы учебно-методическое пособие
c Вид литературы учебная
i Дисциплина ФИЗИЧЕСКАЯ ПОДГОТОВКА